000 00963nam a22002417a 4500
999 _c5238
_d5238
003 AR-CdUCM
008 190312b ||||| |||| 00| 0 spa d
040 _aMUNICIPALIDAD PROVINCIAL DEL CUSCO
_cBIBLIOTECA MUNICIPAL DEL CUSCO
082 _a759.6 /
_bL15
100 _aLafuente Ferrari, Enrique
_915874
245 _aHistoria de la pintura Española /
260 _aNavarra :
_bSalvat Editores,
_c1971.
300 _a122 páginas ;
_b24 hojas de laminas, ilustraciones,
_c18 cm.
440 _aBiblioteca Básica Salvat. Libro RTV
_n100
_915875
500 _aDonación de la familia Nieto
505 _aContenido: España en sus pintores -- España y Europa -- El estilo de Época y las influencias -- La pintura según Post -- Cuándo empieza la pintura española ...
650 _aPintura Asturiana
_915876
650 _aPintura Mozárabe
_915877
650 _aGótico
_915878
650 _aEscuela Española
_915879
942 _2ddc
_cLIBROS
945 _araen